000 00620nam a2200241Ia 4500
003 SMC
005 20170130131141.0
008 160418s9999 xx 000 0 und d
020 _a978-971-27-2268-4
050 _aFIL PN 4129
050 _b.C78 2009
100 _aCruz, Tapalla Wilma.
245 _aPublic speaking and personality development /
245 _cWilma Cruz-Tapalla, Valerie Cruz-Tapalla.
260 _aManila :
260 _bAnvil Pub. Inc.,
260 _c2009
300 _a250 pages :
300 _billustrations ;
300 _c22 cm.
650 _aPublic speaking.
942 _2lcc
_cBK
999 _c293506
_d293506